Name All 10 Letter Countries - Statistics

General Stats
  • This quiz has been taken 42 times
  • The average score is 13 of 18
Answer Stats
Starts With Answer % Correct
K Kazakhstan
92%
U Uzbekistan
89%
K Kyrgyzstan
81%
L Luxembourg
81%
T Tajikistan
81%
A Azerbaijan
78%
M Montenegro
78%
S South Sudan
72%
M Madagascar
69%
M Mauritania
69%
B Bangladesh
67%
N North Korea
67%
S South Korea
67%
E El Salvador
58%
M Mozambique
56%
S Seychelles
56%
N New Zealand
50%
S Saint Lucia
42%
No matching quizzes found
Score Distribution
Percent of People with Each Score
Percentile by Number Answered
Your Score History
You have not taken this quiz